banner-ar

المرأة المصرية كمواطنة : (Record no. 8942)

MARC details
000 -الفاتح
حقل البيانات ثابتة الطول 00986nam a2200253Ia 4500
008 - عناصر البيانات ثابتة الطول - معلومات عامة
حقل البيانات ثابتة الطول 140319s9999 xx 000 0 ara d
020 ## - الرقم الدولى المعيارى للكتب
الرقم الدولى المعيارى للكتاب 5713213977
040 ## - مصدر الفهرسة
وكالة الفهرسة الأصلية GCL /
وكالة النسخ GCL
082 04 - رقم تصنيف ديوى العشرى
رقم التصنيف 305.42
رقم المادة م م
100 1# - المدخل الرئيسى - إسم شخصى
الإسم الشخصى هانى عياد
245 10 - بيان العنوان
العنوان المرأة المصرية كمواطنة :
بقية العنوان قراءة فى الجوانب الاجتماعية و الاقتصادية و السياسية لمواطنة المرأة /
بيان المسئوليه,etc هانى عياد
700 1# - المدخل الاضافى - اسم شخصى
الإسم الشخصى مجموعة شباب الاسكندرية
700 1# - المدخل الاضافى - اسم شخصى
الإسم الشخصى مايكل زكى
260 ## - PUBLICATION, DISTRIBUTION, ETC. (IMPRINT)
تاريخ النشر أو التوزيع 2004
300 ## - الوصف المادى
التعداد 75 ص ؛
أبعاد الوعاء 24 سم
490 ## - بيان السلسلة
عنوان السلسلة اصدارات منتدى حوار الثقافات
رقم المجلد/ التعيين التسلسلي 22
650 04 - المدخل الاضافى بالموضوع-مصطلح موضوعى
مصطلح موضوعي حقوق المرأة
650 04 - المدخل الاضافى بالموضوع-مصطلح موضوعى
مصطلح موضوعي المرأة - احوال اجتماعية
650 04 - المدخل الاضافى بالموضوع-مصطلح موضوعى
مصطلح موضوعي المرأة - احوال سياسية
650 04 - المدخل الاضافى بالموضوع-مصطلح موضوعى
مصطلح موضوعي المرأة فى الاسلام
650 04 - المدخل الاضافى بالموضوع-مصطلح موضوعى
مصطلح موضوعي المرأة كمواطنة
942 ## - عناصر المدخل الإضافي( كوها)
مصدر التصنيف او مخطط الترفيف Dewey Decimal Classification
Koha [default] item type كتاب
260 ## - PUBLICATION, DISTRIBUTION, ETC. (IMPRINT)
-- القاهرة :
-- دار الثقافة ،
Holdings
حالة التراجع حالة الفقد حالة تلف ليس للاعارة المكان المؤقت الموقع الحالى تاريخ الاكتساب اجمالي اﻻعارات رقم الطلب الباركود تاريخ اخر مشاهدة تاريخ تفعيل السعر نوع وعاء كوها
        مكتبة القاهرة الكبرى مكتبة القاهرة الكبرى 03/26/2014   305.42\م م 18702 03/26/2014 03/26/2014 كتاب

Powered By

EGPV